The Strength of Gideon and other stories (Record no. 245141)
[ view plain ]
| 000 -LEADER | |
|---|---|
| fixed length control field | 01257cam a22002533a 4500 |
| 001 - CONTROL NUMBER | |
| control field | 15886 |
| 003 - CONTROL NUMBER IDENTIFIER | |
| control field | PGUSA |
| 005 - DATE AND TIME OF LATEST TRANSACTION | |
| control field | 20140828083335.0 |
| 008 - FIXED-LENGTH DATA ELEMENTS--GENERAL INFORMATION | |
| fixed length control field | 050523s2005||||xxu|||||s|||||000 1 eng d |
| 040 ## - CATALOGING SOURCE | |
| Original cataloging agency | PGUSA |
| Language of cataloging | eng |
| 042 ## - AUTHENTICATION CODE | |
| Authentication code | dc |
| 050 #4 - LIBRARY OF CONGRESS CALL NUMBER | |
| Classification number | PS |
| 100 1# - MAIN ENTRY--PERSONAL NAME | |
| Personal name | Dunbar, Paul Laurence, |
| Dates associated with a name | 1872-1906 |
| 245 14 - TITLE STATEMENT | |
| Title | The Strength of Gideon and other stories |
| Medium | [electronic resource] / |
| Statement of responsibility, etc | Paul Laurence Dunbar |
| 260 ## - PUBLICATION, DISTRIBUTION, ETC. (IMPRINT) | |
| Name of publisher, distributor, etc | Project Gutenberg, |
| Date of publication, distribution, etc | 2005 |
| 505 0# - FORMATTED CONTENTS NOTE | |
| Formatted contents note | The strength of Gideon -- Mammy Peggy's pride -- Viney's free papers -- The fruitful sleeping of the Rev. Elisha Edwards -- The ingrate -- The case of 'Ca'line -- The finish of Patsy Barners -- One man's fortunes -- Jim's probation -- Uncle Simon's Sundays out -- Mr. Cornelius Johnson, office-seeker -- An old-time Christmas -- A mess of pottage -- The trustfulness of Polly -- The tragedy at Three Forks -- The finding of Zach -- Johnsonham, junior -- The faith cure man -- A council of state -- Silas Jackson. |
| 506 ## - RESTRICTIONS ON ACCESS NOTE | |
| Terms governing access | Public domain in the USA. |
| 516 ## - TYPE OF COMPUTER FILE OR DATA NOTE | |
| Type of computer file or data note | Electronic text |
| 653 ## - INDEX TERM--UNCONTROLLED | |
| Uncontrolled term | African Americans -- Fiction |
| 700 1# - ADDED ENTRY--PERSONAL NAME | |
| Personal name | Kemble, E. W. |
| Fuller form of name | (Edward Windsor), |
| Dates associated with a name | 1861-1933 |
| 830 #0 - SERIES ADDED ENTRY--UNIFORM TITLE | |
| Uniform title | Project Gutenberg |
| Volume number/sequential designation | 15886 |
| 856 40 - ELECTRONIC LOCATION AND ACCESS | |
| Uniform Resource Identifier | <a href="http://www.gutenberg.org/ebooks/15886">http://www.gutenberg.org/ebooks/15886</a> |
| 942 ## - ADDED ENTRY ELEMENTS (KOHA) | |
| Koha item type | eBooks |
| Withdrawn status | Lost status | Damaged status | Home library | Current library | Date acquired | Total Checkouts | Date last seen | Price effective from | Koha item type |
|---|---|---|---|---|---|---|---|---|---|
| Project Gutenberg | Project Gutenberg | 08/28/2014 | 08/28/2014 | 08/28/2014 | eBooks |